Yugioh Trap Cards by Description 2 - Statistics

General Stats
  • This quiz has been taken 3 times
  • The average score is 5 of 15
Answer Stats
Hint Answer % Correct
Each time you draw a card, increase your LP by 500 Solemn Wishes
100%
You take no battle damage for one attack and you draw 1 card Defense Draw
67%
Special Summon this trap card as a level 4/ EARTH/ Reptile-type/ 1600 ATK/ 1800 DEF/ Normal Monster. This card is still also treated as a trap card Embodiment of Apophis
33%
Increase your LP by 300 for every monster on the field Gift of the Mystical Elf
33%
Add a spell card to your hand from your opponents GY, you can activate it during your turn and if you activate it, you take 2000 LP of damage, return it to your opponents GY at the end of the turn you activate this card. Graverobber
33%
Anime Exclusive Effect: Summon a monster or activate a spell or trap from your opponent's GY Graverobber
33%
Select a monster, that monster cannot attack or change battle positions, and its owner takes 500 LP of damage during your Standby Phase Nightmare Wheel
33%
Increase your LP by 4000 when your opponent would deal you at least 2000 battle damage Nutrient Z
33%
When you directly attack your opponent, choose 1 card in their hand and discard it Robbin Goblin
33%
Select a monster, that monster cannot attack or change battle positions Spellbinding Circle
33%
Anime Exclusive Effect: Select a monster, that monster cannot attack or change battle positions, and loses 700 ATK Spellbinding Circle
33%
Negate a direct attack made by your opponent and draw a card, and if it's a monster you can normal summon it. Counter Gate
0%
Add a level 4 or below "Elemental Hero" to your hand from your deck Hero Signal
0%
Can only be activated when your LP are 1500 or lower. Toss a coin. Heads: Increase your LP by 4000. Tails: you lose the duel The Last Resort
0%
When an opponents monster attacks, all of their face-up monsters lose 800 ATK for every monster on their field Wall of Disruption
0%
No matching quizzes found
Score Distribution
Percent of People with Each Score
Percentile by Number Answered
Your Score History
You have not taken this quiz